| 000 | 00813nam a2200313Ia 4500 | ||
|---|---|---|---|
| 008 | 170203s9999 xx 000 0 und d | ||
| 020 | _a9628882759 | ||
| 050 | _a912 | ||
| 050 | _bB369r 2005 | ||
| 100 | _aBeatty, Richard. | ||
| 245 | _aRivers and Lakes / | ||
| 245 | _cRichard Beatty. | ||
| 260 | _aSingapore : | ||
| 260 | _bEducational Technologies Ltd. | ||
| 260 | _c2005 | ||
| 300 | _a64 pages : | ||
| 300 | _bcolor illustrations, color maps ; | ||
| 300 | _c29 cm. | ||
| 440 | _aBiomes atlases. | ||
| 650 | _aLake ecology -- | ||
| 650 | _aLake ecology. | ||
| 650 | _aLakes -- | ||
| 650 | _aRivers -- | ||
| 650 | _aStream ecology -- | ||
| 650 | _xJuvenile literature. | ||
| 650 | _xJuvenile literature. | ||
| 650 | _xJuvenile literature. | ||
| 650 | _xJuvenile literature. | ||
| 999 |
_c305976 _d305976 |
||